000 00430nam a22001697a 4500
003 NUST - PNEC
005 20170116180839.0
008 150817b xxu||||| |||| 00| 0 eng d
020 _a0070413428
040 _cLIBRARY
082 _a531.32 MEI
100 _95232
_aMeirovitch, Leonard
245 _aElements of vibration analysis
_cLeonard Meirovitch
250 _a2nd ed
650 _95233
_aVibration
_xME
942 _2ddc
_cBK
999 _c64338
_d64338